000 00571nam a2200229Ia 4500
003 OSt
005 20221005130445.0
006 a|||||r|||| 00| 0
007 ta
008 221004b |||||||| |||| 00| 0 eng d
024 _a40398
037 _cTextual
040 _aCRL
_cCRL
_beng
041 _2eng
_aeng
082 _aO:6M03x, A
100 _aEmerson Ralph Waldo
245 0 _aRepresentative men
260 _c1870
650 _aEMERSON, RALPH WALDO
_9596587
942 _hO:6M03x, A
_cTEXL
_2cc
999 _c1057310
_d1057310